00759nam a22001337a 4500003000400000020001800004082001600022100001600038245005000054260002600104300000700130650002200137653046600159SGT a9788189928285 a005.133,SHA aSHARMA A.K. aFUNDAMENTALS OF COMPUTER & PROGRAMMING WITH C aNEW DELHI bIBHc2013 aVP aCOMPUTER SCIENCE  aEVOLUTION OF COMPUTERS HARDWARE ORGANIZATION OF A COMPUTER, INPUT OUTPUT DEVICES, INPUT OUTPUT PORTS/CONNECTORS AND OTEHR DEVICES, DATA REPRESENTATION, INTRODUCTION TO PROGRAMMING LANGUAGES, OPERATING SYSTEMS, COMPUTER NETWORKS AND INTERNAT, INTRODUCTION TO C, OPERATORS AND EXPRESSIONS, PROBLEM SOLVING AND PROGRAMMING METHODOLOGY, FLOW CHARTS, FLOW OF CONTROL, INPUT OUTPUT FUNCTIONS, DATA TYPE – ARRAYS, STRUCTURES, POINTERS, FUNCTIONS, FILE HANDLING IN C,